| 000 | 00760nam a2200241 a 4500 | ||
|---|---|---|---|
| 001 | 26749 | ||
| 003 | CO-ViMGA | ||
| 008 | 141112s2004 ck r 000 u spa d | ||
| 015 | _ack - 2012 - xxxx | ||
| 020 | _a9789584233455 | ||
| 040 |
_aCO-ViMGA _bspa _cCO-ViMGA |
||
| 082 | 0 | 4 | _a152.41 R37a |
| 100 | 1 |
_aRiso, Walter, 1951 - _941413 |
|
| 245 | 1 | 0 |
_aAma y no sufras / _cWalter Riso |
| 260 |
_aBogotá : _bPlaneta, _cc2012 |
||
| 300 | _a229 p. ; 23 cm | ||
| 490 | _aBiblioteca Walter Riso | ||
| 500 | _aIncluye datos biográficos del autor | ||
| 650 | 1 | 4 | _aAmor - Aspectos psicológicos |
| 917 | _a2014 - 3752 2 ejemplares | ||
| 942 |
_2ddc _cBK |
||
| 990 | _a2014 - 3752 Grupo Planeta 2 ejemplares 21 29/03/2014 a918566 19/03/2014 17/03/20142014 - 3752 | ||
| 999 |
_c33493 _d33493 |
||